[Event "Sachsen-Anhalt Landesliga-A 1920"]
[Site "Sachsen Anhalt"]
[Date "2020.03.05"]
[Round "7"]
[White "Roehrig, Sven"]
[Black "Schumacher, Thomas"]
[Result "0-1"]
[WhiteElo "1774"]
[BlackElo "2081"]
[PlyCount "48"]
[EventDate "2019.09.29"]
[EventType "team-tourn"]
[EventRounds "9"]
[EventCountry "GER"]
[SourceTitle "EXT 2023"]
[Source "ChessBase"]
[SourceDate "2022.10.05"]
[SourceVersion "1"]
[SourceVersionDate "2022.10.05"]
[SourceQuality "1"]
[WhiteTeam "Dahlenwarsleben"]
[BlackTeam "Gardelegen"]
[WhiteTeamCountry "GER"]
[BlackTeamCountry "GER"]

1. c4 g6 2. Nc3 Bg7 3. e3 Nf6 4. b3 d6 5. Bb2 0-0 6. g3 e5 7. Bg2 Nc6 8. a3 Re8 9. Nge2 e4 10. Qc2 Bf5 11. h3 Ne5 12. Nf4 g5 13. Nfd5 Nd3+ 14. Ke2 Nxd5 15. cxd5 Qd7 16. Ra2 c6 17. Ba1 cxd5 18. Nxd5 Rac8 19. Nc3 d5 20. Qb1 d4 21. Nxe4 Rxe4 22. Bxe4 Bxe4 23. f3 Qb5 24. fxe4 Nf4+ 0-1

[Event "Sachsen-Anhalt Landesliga-A 1920"]
[Site "Sachsen Anhalt"]
[Date "2019.10.20"]
[Round "2.2"]
[White "Lehmann, Peter"]
[Black "Roehrig, Sven"]
[Result "1/2-1/2"]
[WhiteElo "1891"]
[BlackElo "1774"]
[PlyCount "66"]
[EventDate "2019.09.29"]
[EventType "team-tourn"]
[EventRounds "9"]
[EventCountry "GER"]
[SourceTitle "EXT 2023"]
[Source "ChessBase"]
[SourceDate "2022.10.05"]
[SourceVersion "1"]
[SourceVersionDate "2022.10.05"]
[SourceQuality "1"]
[WhiteTeam "Bernburg Aufbau"]
[BlackTeam "Dahlenwarsleben"]
[WhiteTeamCountry "GER"]
[BlackTeamCountry "GER"]

1. e4 e5 2. f4 Nc6 3. Nf3 f5 4. exf5 e4 5. Ng5 Nf6 6. d3 Qe7 7. dxe4 h6 8. Nf3 Qxe4+ 9. Qe2 d5 10. Nc3 Bb4 11. Bd2 Bxc3 12. Bxc3 0-0 13. Bxf6 Qxe2+ 14. Bxe2 Rxf6 15. g4 b6 16. 0-0-0 Ne7 17. Ne5 g6 18. Rhg1 gxf5 19. g5 Rd6 20. gxh6+ Kf8 21. Rg2 Rxh6 22. Bf3 Be6 23. c4 Rd8 24. cxd5 Bxd5 25. Bxd5 Nxd5 26. Rdg1 Ne7 27. Rg7 Rdd6 28. R1g2 Ke8 29. Nf7 Rc6+ 30. Kb1 Rhg6 31. Ne5 Rxg2 32. Rxg2 Rh6 33. Rc2 c6 1/2-1/2

[Event "Sachsen-Anhalt Landesliga-A 1920"]
[Site "Sachsen Anhalt"]
[Date "2019.09.29"]
[Round "1"]
[White "Roehrig, Sven"]
[Black "Zech, Andreas"]
[Result "0-1"]
[WhiteElo "1774"]
[BlackElo "1966"]
[PlyCount "64"]
[EventDate "2019.09.29"]
[EventType "team-tourn"]
[EventRounds "9"]
[EventCountry "GER"]
[SourceTitle "EXT 2023"]
[Source "ChessBase"]
[SourceDate "2022.10.05"]
[SourceVersion "1"]
[SourceVersionDate "2022.10.05"]
[SourceQuality "1"]
[WhiteTeam "Dahlenwarsleben"]
[BlackTeam "Tangerhuette Eintracht"]
[WhiteTeamCountry "GER"]
[BlackTeamCountry "GER"]

1. e4 c6 2. c4 d5 3. Nc3 d4 4. Nce2 e5 5. d3 Nf6 6. a3 b5 7. b3 Bg4 8. h3 Bh5 9. g4 Bg6 10. f4 Nxe4 11. dxe4 Qh4+ 12. Kd2 Bxe4 13. Rh2 bxc4 14. bxc4 Bc5 15. Bg2 f5 16. fxe5 d3 17. Bxe4 fxe4 18. Bb2 0-0 19. Kc3 Nd7 20. Kb3 Rab8+ 21. Ka2 Rxb2+ 22. Kxb2 Nxe5 23. Ka2 Nxg4 24. Rg2 Ne3 25. Rg4 Nxg4 26. hxg4 Qxg4 27. Nc3 Qe6 28. Rb1 Bxg1 29. Qxg1 Qxc4+ 30. Rb3 Rb8 31. Qd1 e3 32. Kb2 Rxb3+ 0-1